| 000 | 01307nam a2200253Ia 4500 | ||
|---|---|---|---|
| 003 | Ost | ||
| 005 | 20260507075238.0 | ||
| 008 | 260507s9999||||xx |||||||||||||| ||und|| | ||
| 020 | _a4121249957 | ||
| 040 | _cfsecg | ||
| 041 | _aara | ||
| 082 | _a330 | ||
| 100 |
_aيوسف، توفيق عبد الرحيم حسن _eمؤلف |
||
| 245 | 0 |
_aالادارة المالية الدولية و التعامل بالعملات الاجنبية / _c توفيق عبد الرحيم حسن يوسف |
|
| 260 |
_aعمان: _bدار صفاء, _c2010 |
||
| 300 |
_a255 صفحة؛ _bإيضاحات ؛ _c24 سم |
||
| 504 | _aمراجع ص.253 | ||
| 520 | _aميزان المدفوعات ، النظام النقدي ، سعر الصرف الاجنبي ، تسمية أسعار العملات ، أسعار العملات الاجنبية ، المستقبليات ، أسعار العملات الأجنبية ، حقوق الخيار ، عمليات التبديل أو المقايضة ، الائتمان ، المؤسسات المالية الدولية ، الشركات متعددة الجنسيات . | ||
| 653 | _aالادارة المالية | ||
| 653 | _aالاقتصاد المالي | ||
| 653 | _aالعملات الاجنبية | ||
| 653 | _aالمالية الدولية | ||
| 942 | _cكتاب | ||
| 999 |
_c43600 _d43600 |
||